Contemporary engineering economics (Record no. 2014)

000 -LEADER
fixed length control field 00571nam a22002054a 4500
001 - CONTROL NUMBER
control field 2014
003 - CONTROL NUMBER IDENTIFIER
control field BD-DhUET
008 - FIXED-LENGTH DATA ELEMENTS--GENERAL INFORMATION
fixed length control field 160220b xxu||||| |||| 00| 0 eng d
020 ## - INTERNATIONAL STANDARD BOOK NUMBER
International Standard Book Number 0130893102
040 ## - CATALOGING SOURCE
Original cataloging agency DLC
Transcribing agency DLC
Modifying agency BD-DhUET
Language of cataloging 0
082 00 - DEWEY DECIMAL CLASSIFICATION NUMBER
Classification number 658.15
Item number PAR/2002
100 1# - MAIN ENTRY--PERSONAL NAME
Personal name Park, Chan S.
245 10 - TITLE STATEMENT
Title Contemporary engineering economics
Statement of responsibility, etc. by Chan S. Park
250 ## - EDITION STATEMENT
Edition statement 3rd ed.
260 ## - PUBLICATION, DISTRIBUTION, ETC. (IMPRINT)
Place of publication, distribution, etc. New Jersey
Name of publisher, distributor, etc. Prentice Hall
Date of publication, distribution, etc. 2002
300 ## - PHYSICAL DESCRIPTION
Extent xxxi, 920 p.
Other physical details ill. (some col.), map
Dimensions 24 cm.
504 ## - BIBLIOGRAPHY, ETC. NOTE
Bibliography, etc Includes bibliographies
650 #0 - SUBJECT ADDED ENTRY--TOPICAL TERM
Topical term or geographic name as entry element Engineering economy
942 ## - ADDED ENTRY ELEMENTS (KOHA)
Koha item type General Book
Holdings
Date acquired Damaged status Withdrawn status Koha date last seen Sublocation or collection (holding branch) Location (home branch) Koha normalized classification for sorting Koha date last borrowed Koha full call number Koha item type Piece designation (barcode) Lost status Source of classification or shelving scheme Price effective from Koha issues (times borrowed) Shelving location Copy number Not for loan
2014-09-16  2014-09-16Central Library, BUETCentral Library, BUET658_000000000000000_15PAR2002 658.15/PAR/2002General Book102575  2014-09-16 Circulation section1 
2014-09-16  2014-09-16Central Library, BUETCentral Library, BUET658_000000000000000_15PAR2002 658.15/PAR/2002General Book102580  2014-09-16 Circulation section2 
2014-09-16  2019-04-13Central Library, BUETCentral Library, BUET658_000000000000000_15PAR20022018-11-12658.15/PAR/2002General Book102574  2014-09-161Circulation section3 
2014-09-16  2014-09-16Central Library, BUETCentral Library, BUET658_000000000000000_15PAR2002 658.15/PAR/2002General Book102579  2014-09-16 Circulation section4 
2014-09-16  2014-09-16Central Library, BUETCentral Library, BUET658_000000000000000_15PAR2002 658.15/PAR/2002General Book102581  2014-09-16 Circulation section5 
2014-09-16  2014-09-16Central Library, BUETCentral Library, BUET658_000000000000000_15PAR2002 658.15/PAR/2002General Book102576  2014-09-16 Circulation section6 
2014-09-16  2014-09-16Central Library, BUETCentral Library, BUET658_000000000000000_15PAR2002 658.15/PAR/2002General Book102578  2014-09-16 Circulation section7 
2014-09-16  2014-09-16Central Library, BUETCentral Library, BUET658_000000000000000_15PAR2002 658.15/PAR/2002General Book102577  2014-09-16 Circulation section8 
2014-09-16  2014-09-16Central Library, BUETCentral Library, BUET658_000000000000000_15PAR2002 658.15/PAR/2002General Book102573  2014-09-16 Circulation section9 
2006-06-26  2017-04-15Central Library, BUETCentral Library, BUET658_150000000000000_PAR_2002 658.15/PAR/2002General Book102582  2017-04-15 Circulation section10